| 000 | 01563nam a22002777a 4500 | ||
|---|---|---|---|
| 003 | OSt | ||
| 005 | 20250627123838.0 | ||
| 008 | 200211s2016 ck ||||er|||| 00| p spa d | ||
| 020 | _a9789587724905 | ||
| 040 |
_aCO-JMCR _cCO-JMCR |
||
| 041 | 0 | _aspa | |
| 082 |
_aA-P _bFLOg |
||
| 100 | 1 |
_aFlórez Moya, Cicerón, _eautor _9391 |
|
| 245 | 1 | 3 |
_aEl gran amor : _bpoemas / _cCicerón Flórez Moya |
| 250 | _aPrimera edición | ||
| 260 |
_aBogotá : _bUniversidad Externado de Colombia, _c2016 |
||
| 300 |
_a76 páginas ; _c15 cm. |
||
| 490 | 0 |
_aUn libro por centavos ; _vN° 123 |
|
| 500 | _aIncluye datos biográficos del autor. | ||
| 520 | _aEl deslumbramiento de Cicerón Flórez Moya por las manifestaciones del amor y el acertado empleo de la palabra para describirlo es palpable a todo lo largo de su libro "El gran amor" que ahora nos entrega. Casi podría decir, sin temor a exagerar, que en la poética de Flórez, el amor y la palabra que lo nombra son una misma cosa, una confluencia, como la unión del vino y el cántaro. En su obra la palabra es la materia prima de la poesía, y como tal es algo vivo que el poeta maneja a voluntad para dar sentido a lo escrito y configurar la unidad tonal del libro. "El gran amor" es el testimonio de una vida consagrada por entero al ejercicio intelectual y expresa las experiencias del escritor frente al mundo que lo rodea. | ||
| 650 | 1 | 4 |
_aPoesía colombiana _9373 |
| 650 | 1 | 4 |
_aAmor _xpoesías _9392 |
| 650 | 1 | 4 |
_aMemoria _xpoesías _9393 |
| 650 | 1 | 4 |
_aVida cotidiana _xpoesías _9394 |
| 942 |
_2ddc _cBK |
||
| 999 |
_c6479 _d6479 |
||